Statistics for Dog Breeds

Click here to take the quiz!

General Stats

  • This quiz has been taken 34 times
  • The average score is 162 of 288

Answer Stats

Answer% Correct
Labrador Retriever
100%
English Bulldog
92%
German Shepherd
92%
Golden Retriever
92%
Pomeranian
92%
Bloodhound
85%
Chihuahua
85%
Dachshund
85%
Dalmatian
85%
Great Dane
85%
Greyhound
85%
Miniature Schnauzer
85%
Pembroke Welsh Corgi
85%
Saint Bernard
85%
Scottish Terrier
85%
Siberian Husky
85%
Yorkshire Terrier
85%
Airedale Terrier
77%
Alaskan Malamute
77%
Bernese Mountain Dog
77%
Border Collie
77%
Boston Terrier
77%
Cavalier King Charles Spaniel
77%
Doberman Pinscher
77%
English Cocker Spaniel
77%
French Bulldog
77%
Irish Wolfhound
77%
Newfoundland
77%
Pug
77%
Samoyed
77%
Shih Tzu
77%
Afghan Hound
69%
Akita
69%
Australian Shepherd
69%
Basenji
69%
Basset Hound
69%
Belgian Malinois
69%
Bichon Frise
69%
Boxer
69%
Bullmastiff
69%
Chow Chow
69%
English Springer Spaniel
69%
Giant Schnauzer
69%
Irish Setter
69%
Lhasa Apso
69%
Maltese
69%
Mastiff
69%
Pekingese
69%
Rottweiler
69%
Rough Collie
69%
Shetland Sheepdog
69%
Staffordshire Bull Terrier
69%
Standard Poodle
69%
Vizsla
69%
Weimaraner
69%
West Highland White Terrier
69%
Whippet
69%
Affenpinscher
62%
American Bulldog
62%
American English Coonhound
62%
American Eskimo Dog
62%
American Foxhound
62%
American Pit Bull Terrier
62%
Anatolian Shepherd
62%
Australian Cattle Dog
62%
Azawakh
62%
Belgian Sheepdog
62%
Borzoi
62%
Bracco Italiano
62%
Briard
62%
Bull Terrier
62%
Cane Corso
62%
Cardigan Welsh Corgi
62%
Chinese Crested
62%
Curly-Coated Retriever
62%
English Pointer
62%
Eurasier
62%
Finnish Spitz
62%
Flat-Coated Retriever
62%
German Wirehaired Pointer
62%
Great Pyrenees
62%
Italian Greyhound
62%
Jack Russell Terrier
62%
Japanese Chin
62%
Komondor
62%
Leonberger
62%
Manchester Terrier
62%
Mudi
62%
Norfolk Terrier
62%
Old English Sheepdog
62%
Papillon
62%
Portuguese Water Dog
62%
Puli
62%
Pumi
62%
Rat Terrier
62%
Rhodesian Ridgeback
62%
Saluki
62%
Schipperke
62%
Scottish Deerhound
62%
Shiba Inu
62%
Tibetan Mastiff
62%
Toy Poodle
62%
Welsh Terrier
62%
Alaskan Klee Kai
54%
American Hairless Terrier
54%
Australian Terrier
54%
Bavarian Mountain Scenthound
54%
Beagle
54%
Bearded Collie
54%
Bedlington Terrier
54%
Belgian Laekenois
54%
Belgian Tervuren
54%
Berger Picard
54%
Biewer Terrier
54%
Bolognese
54%
Border Terrier
54%
Bouvier des Flandres
54%
Boykin Spaniel
54%
Brittany Spaniel
54%
Cairn Terrier
54%
Chesapeake Bay Retriever
54%
Chinese Shar-Pei
54%
Chinook
54%
Clumber Spaniel
54%
Croatian Sheepdog
54%
Dandie Dinmont Terrier
54%
Danish-Swedish Farmdog
54%
Dutch Shepherd
54%
English Foxhound
54%
English Setter
54%
Entlebucher Mountain Dog
54%
Finnish Lapphund
54%
German Pinscher
54%
German Shorthaired Pointer
54%
Gordon Setter
54%
Greater Swiss Mountain Dog
54%
Harrier
54%
Havanese
54%
Hokkaido
54%
Hovawart
54%
Ibizan Hound
54%
Icelandic Sheepdog
54%
Irish Red and White Setter
54%
Irish Terrier
54%
Irish Water Spaniel
54%
Jagdterrier
54%
Japanese Spitz
54%
Kai Ken
54%
Karelian Bear Dog
54%
Kishu Ken
54%
Lagotto Romagnolo
54%
Miniature American Shepherd
54%
Miniature Bull Terrier
54%
Miniature Poodle
54%
Neapolitan Mastiff
54%
Nederlandse Kooikerhondje
54%
Norwich Terrier
54%
Nova Scotia Duck Tolling Retriever
54%
Otterhound
54%
Pharaoh Hound
54%
Pyrenean Shepherd
54%
Redbone Coonhound
54%
Russian Toy
54%
Shikoku
54%
Silky Terrier
54%
Skye Terrier
54%
Sloughi
54%
Small Munsterlander
54%
Smooth Fox Terrier
54%
Spanish Mastiff
54%
Spanish Water Dog
54%
Spinone Italiano
54%
Sussex Spaniel
54%
Swedish Vallhund
54%
Thai Ridgeback
54%
Tibetan Spaniel
54%
Tibetan Terrier
54%
Tosa
54%
American Cocker Spaniel
46%
American Leopard Hound
46%
American Staffordshire Terrier
46%
American Water Spaniel
46%
Appenzeller Sennenhund
46%
Australian Kelpie
46%
Australian Labradoodle
46%
Australian Stumpy Tail Cattle Dog
46%
Barbado da Terceira
46%
Barbet
46%
Basset Fauve de Bretagne
46%
Beauceron
46%
Bergamasco Sheepdog
46%
Black and Tan Coonhound
46%
Black Russian Terrier
46%
Bluetick Coonhound
46%
Boerboel
46%
Bohemian Shepherd
46%
Braque du Bourbonnais
46%
Braque Francais Pyrenean
46%
Broholmer
46%
Brussels Griffon
46%
Canaan Dog
46%
Carolina Dog
46%
Catahoula Leopard Dog
46%
Caucasian Shepherd Dog
46%
Central Asian Shepherd
46%
Cesky Terrier
46%
Cirneco dell'Etna
46%
Coton de Tulear
46%
Czechoslovakian Vlcak
46%
Deutscher Wachtelhund
46%
Dogo Argentino
46%
Dogue de Bordeaux
46%
Drentsche Patrijshond
46%
Drever
46%
English Toy Spaniel
46%
Estrela Mountain Dog
46%
Field Spaniel
46%
French Spaniel
46%
German Longhaired Pointer
46%
German Spitz
46%
Glen of Imaal Terrier
46%
Grand Basset Griffon Vendeen
46%
Hamiltonstovare
46%
Hanoverian Scenthound
46%
Japanese Akita Inu
46%
Japanese Terrier
46%
Keeshond
46%
Kerry Blue Terrier
46%
Korean Jindo
46%
Kromfohrlander
46%
Kuvasz
46%
Lakeland Terrier
46%
Lancashire Heeler
46%
Lapponian Herder
46%
Lowchen
46%
Miniature Pinscher
46%
Mountain Cur
46%
Norrbottenspets
46%
Norwegian Buhund
46%
Norwegian Elkhound
46%
Norwegian Lundehund
46%
Parson Russell Terrier
46%
Perro de Presa Canario
46%
Peruvian Inca Orchid
46%
Petit Basset Griffon Vendeen
46%
Plott Hound
46%
Polish Lowland Sheepdog
46%
Porcelaine
46%
Portuguese Podengo
46%
Portuguese Podengo Pequeno
46%
Portuguese Pointer
46%
Portuguese Sheepdog
46%
Pudelpointer
46%
Pyrenean Mastiff
46%
Rafeiro do Alentejo
46%
Romanian Carpathian Shepherd
46%
Romanian Mioritic Shepherd Dog
46%
Russian Tsvetnaya Bolonka
46%
Schapendoes
46%
Sealyham Terrier
46%
Segugio Italiano
46%
Slovakian Wirehaired Pointer
46%
Slovensky Cuvac
46%
Slovensky Kopov
46%
Soft Coated Wheaten Terrier
46%
Stabyhoun
46%
Standard Schnauzer
46%
Swedish Lapphund
46%
Teddy Roosevelt Terrier
46%
Treeing Walker Coonhound
46%
Wire Fox Terrier
46%
Xoloitzcuintli
46%
American Bully
38%
Formosan Mountain Dog
38%
Silken Windhound
38%
Smooth Collie
38%
Tornjak
38%
Toy Fox Terrier
38%
Toy Manchester Terrier
38%
Transylvanian Hound
38%
Treeing Tennessee Brindle
38%
Volpino Italiano
38%
Welsh Springer Spaniel
38%
Wetterhoun
38%
Wirehaired Pointing Griffon
38%
Wirehaired Vizsla
38%
Working Kelpie
38%
Yakutian Laika
38%

Score Distribution

Percentile by Number Answered

Percent of People with Each Score

Your Score History

You have not taken this quiz